<?xml version="1.0" encoding="UTF-8"?><?xml-stylesheet type="text/xsl" href="static/style.xsl"?><OAI-PMH xmlns="http://www.openarchives.org/OAI/2.0/" xmlns:xsi="http://www.w3.org/2001/XMLSchema-instance" xsi:schemaLocation="http://www.openarchives.org/OAI/2.0/ http://www.openarchives.org/OAI/2.0/OAI-PMH.xsd"><responseDate>2026-05-17T05:46:39Z</responseDate><request verb="GetRecord" identifier="oai:repisalud.isciii.es:20.500.12105/14934" metadataPrefix="marc">https://repisalud.isciii.es/rest/oai/request</request><GetRecord><record><header><identifier>oai:repisalud.isciii.es:20.500.12105/14934</identifier><datestamp>2025-05-14T10:15:33Z</datestamp><setSpec>com_20.500.12105_2052</setSpec><setSpec>com_20.500.12105_2051</setSpec><setSpec>com_20.500.12105_15322</setSpec><setSpec>col_20.500.12105_19609</setSpec><setSpec>col_20.500.12105_16963</setSpec></header><metadata><record xmlns="http://www.loc.gov/MARC21/slim" xmlns:dcterms="http://purl.org/dc/terms/" xmlns:doc="http://www.lyncode.com/xoai" xmlns:xsi="http://www.w3.org/2001/XMLSchema-instance" xsi:schemaLocation="http://www.loc.gov/MARC21/slim http://www.loc.gov/standards/marcxml/schema/MARC21slim.xsd">
   <leader>00925njm 22002777a 4500</leader>
   <datafield ind2=" " ind1=" " tag="042">
      <subfield code="a">dc</subfield>
   </datafield>
   <datafield ind2=" " ind1=" " tag="720">
      <subfield code="a">Sánchez García, Laura</subfield>
      <subfield code="e">author</subfield>
   </datafield>
   <datafield ind2=" " ind1=" " tag="720">
      <subfield code="a">Calvo, Cristina</subfield>
      <subfield code="e">author</subfield>
   </datafield>
   <datafield ind2=" " ind1=" " tag="720">
      <subfield code="a">Casas Flecha, Inmaculada</subfield>
      <subfield code="e">author</subfield>
   </datafield>
   <datafield ind2=" " ind1=" " tag="720">
      <subfield code="a">Pozo Sanchez, Francisco</subfield>
      <subfield code="e">author</subfield>
   </datafield>
   <datafield ind2=" " ind1=" " tag="720">
      <subfield code="a">Pellicer, Adelina</subfield>
      <subfield code="e">author</subfield>
   </datafield>
   <datafield ind2=" " ind1=" " tag="260">
      <subfield code="c">2020-09-22</subfield>
   </datafield>
   <datafield ind2=" " ind1=" " tag="520">
      <subfield code="a">Background and objective: Very low birthweight (VLBW) infants are highly susceptible to respiratory infections. Information about prevalence of viral respiratory infections (VRIs) in neonatal intensive care unit (NICU) is scarce. Recent evidence suggests short-term and long-term impact of VRI in morbidity of VLBW infants. The goal of this study is to conduct a VRI surveillance in VLBW infants during NICU admission to address the prevalence, type of viruses and associated clinical features.  Methods: Prospective observational cohort study on infants below 32 gestational weeks admitted to a tertiary NICU during a 2-year period. Respiratory virus detection (influenza, parainfluenza, rhinovirus (hRV), enterovirus, respiratory syncytial virus, metapneumovirus, coronavirus, bocavirus and adenovirus) was performed by real time multiplex PCR assays in nasopharyngeal aspirates (NPAs), within the first 72 hours after birth and weekly, until discharge. Additional samples were taken if clinically indicated. Results: 147 out of 224 eligible infants were enrolled. At least one positive NPA was found in 38% of the study cohort. Main viruses identified were hRV (58%) and adenovirus (31%). Among the 56 infants with positive NPA, 26 showed non-specific respiratory features in 58% (increased respiratory workload, tachypnoea, apnoea) or typical cold features in 38% (rhinorrhea, cough, fever), at least in one episode. Antibiotics were prescribed in 29% of cases. Positive infants showed higher rates of bronchopulmonary dysplasia (BPD), need for supplemental oxygen and mechanical ventilation, and had longer hospital stay. Cox regression analysis found BPD as an independent risk factor for viral infection (p&lt;0.001) and symptomatic VRI (p&lt;0.04). Conclusions: Systematic surveillance in VLBW infants reports VRI is frequent, particularly by hRV. Asymptomatic infection is highly prevalent which is critical in the face of establishing appropriate preventive strategies. Infants with BPD are especially vulnerable to such infections.</subfield>
   </datafield>
   <datafield ind1="8" ind2=" " tag="024">
      <subfield code="a">BMJ Paediatr Open. 2020 Sep 22;4(1):e000661.</subfield>
   </datafield>
   <datafield ind1="8" ind2=" " tag="024">
      <subfield code="a">10.1136/bmjpo-2020-000661</subfield>
   </datafield>
   <datafield ind1="8" ind2=" " tag="024">
      <subfield code="a">2399-9772</subfield>
   </datafield>
   <datafield ind1="8" ind2=" " tag="024">
      <subfield code="a">BMJ Paediatrics Open</subfield>
   </datafield>
   <datafield ind1="8" ind2=" " tag="024">
      <subfield code="a">33024832</subfield>
   </datafield>
   <datafield ind1="8" ind2=" " tag="024">
      <subfield code="a">http://hdl.handle.net/20.500.12105/14934</subfield>
   </datafield>
   <datafield tag="653" ind2=" " ind1=" ">
      <subfield code="a">Infectious diseases</subfield>
   </datafield>
   <datafield tag="653" ind2=" " ind1=" ">
      <subfield code="a">Neonatology</subfield>
   </datafield>
   <datafield tag="653" ind2=" " ind1=" ">
      <subfield code="a">Respiratory</subfield>
   </datafield>
   <datafield tag="653" ind2=" " ind1=" ">
      <subfield code="a">Virology</subfield>
   </datafield>
   <datafield ind2="0" ind1="0" tag="245">
      <subfield code="a">Viral respiratory infections in very low birthweight infants at neonatal intensive care unit: prospective observational study</subfield>
   </datafield>
</record></metadata></record></GetRecord></OAI-PMH>